| 000 | 00915nam a22001935i 4500 | ||
|---|---|---|---|
| 001 | 156039 | ||
| 003 | ES-MaACL | ||
| 005 | 20230906210312.0 | ||
| 008 | 000724s1875 sp |||| | spa d | ||
| 040 |
_aCCPB | B _bspa _cCCPB | B |
||
| 080 | _a378.5(460.156 V.)(060.55) | ||
| 110 | 2 |
_aInstituto Provincial de Segunda Enseñanza de Vitoria. _9134539 |
|
| 245 | 1 | 0 |
_aMemoria acerca del estado del Instituto Provincial de Segunda Enseñanza de Vitoria / _cleída en la apertura del curso académico de 1875 á 76 por Antonio Pombo y Gamarra. |
| 260 |
_aVitoria : _b[s.n.], _c1875 ( _fImprenta de los hijos de Manteli) |
||
| 300 |
_a13, [10] p. ; _c23 cm. |
||
| 610 | 2 | 4 |
_aInstituto Provincial de Segunda Enseñanza de Vitoria- _xMemorias. _9145013 |
| 700 | 1 |
_aPombo y Martínez de Gamarra, Antonio. _992914 |
|
| 852 |
_aES-MaACL _jT-208-F-13 _z-- Enc. hol. _q-- Falto de la cub. original _z-- Enc. en un vol. facticio |
||
| 999 |
_c156039 _d156039 |
||